| 000 | 00575cam a2200145 4500500 | ||
|---|---|---|---|
| 005 | 20251228052418.0 | ||
| 041 | _afre | ||
| 042 | _adc | ||
| 100 | 1 | 0 |
_aNoret, Joël _eauthor |
| 245 | 0 | 0 | _aLAURENT, Pierre-Joseph. — Les pentecôtistes du Burkina Faso. Mariage, pouvoir et guérison. Paris, IRD-Karthala, 2003, 442 p. |
| 260 | _c2005. | ||
| 500 | _a36 | ||
| 786 | 0 | _nCahiers d'études africaines | 177 | 1 | 2005-03-01 | p. 257g-303g | 0008-0055 | |
| 856 | 4 | 1 | _uhttps://shs.cairn.info/revue-cahiers-d-etudes-africaines-2005-1-page-257g?lang=fr&redirect-ssocas=7080 |
| 999 |
_c1583487 _d1583487 |
||